ბათუმის შოთა რუსთაველის სახელმწიფო უნივერსიტეტის ბიბლიოთეკა

გერმანული რომანტიზმი = Deutsche Romantik : (ბიბ.ჩანაწერი № 50311)

000 -ლიდერი
ფიქსირებული სიგრძის საკონტროლო ველი 01286nam a2200253Ia 4500
001 - საკონტროლო ნომერი
საკონტროლო ველი 17252
003 - საკონტროლო ნომრის იდენტიფიკატორი
საკონტროლო ველი GE_BSU
005 - ბოლო ოპერაციის თარიღი და დრო
საკონტროლო ველი 20200207143033.0
008 - ფიქსირებული სიგრძის მონაცემთა ელემენტები - ზოგადი ინფორმაცია
ფიქსირებული სიგრძის საკონტროლო ველი 181216s2012ge xx |||||||||||||| ||geo||
020 ## - წიგნის საერთაშორისო სტანდარტული ნომერი
International Standard Book Number 9789941105128
040 ## - კატალოგიზაციის წყარო
Transcribing agency GE_BSU
041 ## - ენის კოდი
Language code of text/sound track or separate title geo
080 ## - უნივერსალური ათობითი კლასიფიკაციის ინდექსი
Universal Decimal Classification number 821.112.02(რომანტიზმი) ბ-91
100 ## - მთავარი ჩანაწერი - პიროვნების სახელი
Personal name ბრეგაძე, კონსტანტინე
9 (RLIN) 6888
245 ## - ცნობა სათაურის შესახებ
Title გერმანული რომანტიზმი = Deutsche Romantik :
Remainder of title ჰერმენევტიკული ცდანი /
Statement of responsibility, etc კონსტანტინე ბრეგაძე ; რედ. მანანა პაიჭაძე.
264 ## - წარმოების, გამოცემის, დისტრიბუციის და სხვა ცნობები
გამოცემის, წარმოების, დისტრიბუციის... ადგილი თბილისი :
გამოცემის, წარმოების, დისტრიბუციის... სახელწოდება მერიდიანი,
გამოცემის, წარმოების, დისტრიბუციის... თარიღი 2012.
300 ## - ფიზიკური აღწერა
Extent 276 გვ.:
Other physical details ილ.:
Dimensions 20 სმ.
504 ## - BIBLIOGRAPHY, ETC. NOTE
Bibliography, etc ბიბლიოგრ. სტატიების ბოლოს
546 ## - LANGUAGE NOTE
Language note პარალ. თავფურ. და რეზ. გერმენაზე
653 ## - INDEX TERM--UNCONTROLLED
Uncontrolled term გერმანული ლიტერატურა
653 ## - INDEX TERM--UNCONTROLLED
Uncontrolled term რომანტიზმი გერმანულ ლიტერატურაში
700 ## - ADDED ENTRY--PERSONAL NAME
Personal name პაიჭაძე, მანანა
Relator term რედაქტორი
9 (RLIN) 6889
942 ## - ADDED ENTRY ELEMENTS (KOHA)
Koha item type წიგნი
Source of classification or shelving scheme
ეგზემპლარები
ჩამოწერის სტატუსი დაკარგული ეგზემპლარის სტატუსი კლასიფიკაციის წყარო ან თაროზე გაწყობის სქემა დაზიანების სტატუსი არ გაიცემა მუდმივი მდებარეობა (დაცვის ადგილი) ამჟამინდელი ადგილსამყოფელი თაროზე განთავსების ადგილი შეძენის თარიღი სრული შენახვის შიფრი შტრიხკოდი ბოლო ოპერაციის თარიღი ეგზემპლარის მიმდევრობითი ნომერი (კეტერი?) ფასის ძალაში შესვლის თარიღი ეგზემპლარის სახეობა
          ბათუმის შოთა რუსთაველის სახელმწიფო უნივერსიტეტის მთავარი ბიბლიოთეკა ბათუმის შოთა რუსთაველის სახელმწიფო უნივერსიტეტის მთავარი ბიბლიოთეკა წიგნსაცავი 2018-12-17 821.112.02(რომანტიზმი) ბ-91 45338 2018-12-17 45338 2018-12-17 წიგნი